| 000 | 00927cab a2200241 4500 | ||
|---|---|---|---|
| 001 | ABS46386 | ||
| 008 | 090401t1992 xxu||||| |||| 00| 0 eng d | ||
| 035 | _a(Sirsi) u58024 | ||
| 041 | _aeng | ||
| 245 | _aBS7750 sets the environmental standardisation bandwagon rolling | ||
| 260 | _c1992 | ||
| 350 | _a0 | ||
| 490 |
_aENDS Report _v(207) April 1992, 20-21(2) |
||
| 520 | _aBS7750 establishes a closer link between business and environmental performance, institutionalising environmental protection and perhaps provoking BSI`s parallels abroad to similar enactments. This article lists the principal areas of competence. | ||
| 650 | _aBS 7750 | ||
| 650 | _aBUSINESS COUNCIL FOR SUSTAINABLE DEVELOPMENT | ||
| 650 | _aENVIRONMENTAL AUDITING | ||
| 650 | _aENVIRONMENTAL LABELLING | ||
| 650 | _aENVIRONMENTAL MANAGEMENT SYSTEMS | ||
| 690 | _aENVIRONMENTAL AND LAND CONSULTANCY | ||
| 942 | _n0 | ||
| 948 | _c04/03/1997 | ||
| 999 |
_c35403 _d35403 |
||